01791nam a2200313 a 450000100100000000500170001000800410002704000250006808200250009310000350011824501060015325000110025926000400027030000280031050400320033850505090037059000270087965000280090665000400093465000450097465000490101965000370106865000290110565000380113491000410117295201220121395201270133599900150146200000770420260202091015.0090907s1999 dr a 000 0 spa d aDO-SdBNPbspacBNPHU a658.3145bO96h, 19991 aOvalle, Lucía,d1975-92103310aHacia una comprensión de las relaciones humanas :bsu aplicación en el trabajo /cLucía Ovalle. a4a ed. aSanto Domingo :bCentenario,c1999. a186 p. :bil. ;c20 cm. aBibliografía : p. 185 1862 aDedicatoria -- Reconocimientos-- Introducción -- Introducción a la tercera edición -- Relaciones humanas -- La personalidad y el conocimiento del yo -- La motivación y la conducta -- La comunicación -- La retroalimentación -- Conflicto y frustración -- La autoridad -- Trabajo en equipo -- El cambio -- Principales problemas de las relaciones humanas -- Principios generales para lograr buenas relaciones con los semejantes -- Aspectos generales de las relaciones humanas -- Bibliografía. aInventariado, 2018/ YL 0aRelaciones humanas9606 4aComunicación interpersonal921034 4aConducta competitiva del personal921035 4aComunicación en la administración921371 4aMotivación del empleado921036 4aTrabajo en equipo921037 4aConflictos interpersonales921038 aValidado. Control de calidad MMOLINA 0010718PDaPDbPDcHDd2009-09-18iLF1l0o658.3145 O96h, 1999p7704-10r2020-06-25w2020-06-25yLFPDZNo se presta 0010718PDaPDbPDcHDd2009-09-18iLF1l0o658.3145 O96h, 1999p7704-20r2020-06-25te.2w2020-06-25yLFPDZNo se presta c7483d7483